000 00503nam a22001932 4500
001 0000004189
005 20170406115629.0
008 140827s xx 000 0 eng d
020 _c$
040 _aYour Holding Symbol
_cYour Holding Symbol
100 1 _aBuchan,John.
245 1 4 _aThe best short stories of joh buchan.
250 _a ed.
260 _aLONDON :
_bPanther,
_c1984.
300 _a272 p. ;
_c cm.
504 _anotes.
650 0 _a literature.
908 _a140827
999 _c4026
_d4026